| 000 | 02387cam a22005174i 4500 | ||
|---|---|---|---|
| 003 | PE-LiUPU | ||
| 005 | 20250731173323.0 | ||
| 008 | 150625s2007 xxua r 000 0 d | ||
| 020 | _a978805432763 | ||
| 035 | _a(Sirsi) i978805432763 | ||
| 040 |
_aPE-LiUPU _bspa _cPE-LiUPU _erda |
||
| 049 | _aPRUA | ||
| 082 | 0 | 4 |
_a291 _bB81 _221 |
| 082 | 0 | 4 |
_a291 _bB81 2005 |
| 100 | 1 |
_aBraswell, George W., _eautor. |
|
| 245 | 1 | 0 |
_aGuía HoLman de Religiones del mundo : _bcon capítulos especiales sobre el isLam y el cristianismo / _cGeorge W. Braswell. |
| 264 | 1 |
_aNashville, TN : _bB and H español, _c2005. |
|
| 300 |
_a207 páginas ; _c23 centímetros |
||
| 336 |
_atext _2rdacontent |
||
| 337 |
_aunmediated _2rdamedia |
||
| 338 |
_avolume _2rdacarrier |
||
| 505 | 0 | _aPanorama de los pueblos y sus religiones. - Hinduismo. -Del clásico al contemporáneo. -Busismo. -Tradiciones religiosas chinas y japonesas. -Judaismo. -Islam. -Cristianismo. -Islam. -Otras tradiciones religiosas. -Religiones en acción: estudio del medio oriente y de irán. -Prespectivas cristiana y religiones del mundo. -Ejercicios parala reflexión. | |
| 526 | _aSEG42 | ||
| 526 | _aSEG41 | ||
| 526 | _aSEG40 | ||
| 526 | _aSEG39 | ||
| 526 | _aP94 | ||
| 526 | _aP87 | ||
| 526 | _aP86 | ||
| 526 | _aP85 | ||
| 526 | _aP77 | ||
| 526 | _aP76 | ||
| 526 | _aP35 | ||
| 541 | _g003-0003442; | ||
| 650 | 0 | 4 | _aReligiones. |
| 910 |
_bjv _cng _d20080111 |
||
| 910 |
_tqv _d20171121 |
||
| 942 |
_2ddc _cBOOK |
||
| 949 |
_a291 B81 _wDEWEY _c1 _i57688 _d2016-10-19 _e2016-10-17 _lCCODEBUL1 _mBUL _n3 _p12.00 _r0 _sY _tBOOK _u2015-6-25 _xTEOLOGIA _zUNKNOWN _0COMPRA _o.STAFF. Colección General |
||
| 949 |
_a291 B81 2005 _wDEWEY _c1 _iFJ09286 _lCCODEBUJ1 _mBUJ _p20.00 _r0 _sY _tBOOK _u2017-11-21 _xBIBLIOTECA _zUNKOWN _0COMPRA _o.STAFF. Colección General Juliaca |
||
| 994 |
_aC0 _bPEPRU |
||
| 596 | _a1 3 | ||
| 999 |
_a291 B81 _wDEWEY _c46693 _i57688 _d46693 _e2018-5-3 _f2021-11-11 _g5 _lCCODEBUL1 _mBUL _n5 _p12.00 _q1 _r0 _sY _tBOOK _u2015-6-25 _xTEOLOGIA _zUNKNOWN _0COMPRA _o.STAFF. Colección General |
||
| 999 |
_a291 B81 2005 _wDEWEY _c1 _iFJ09286 _d2018-10-15 _e2018-10-4 _f2022-2-4 _g3 _lCCODEBUJ1 _mBUJ _n2 _p15.00 _q1 _r0 _sY _tBOOK _u2017-11-21 _xBIBLIOTECA _zUNKNOWN _0COMPRA _o.STAFF. Colección General Juliaca |
||
| 980 |
_81 _gALBERTO SANCHEZ Responsable de Automatización |
||